[Event "Porto Mannu op 9th"]
[Site "Porto Mannu"]
[Date "2017.06.08"]
[Round "7"]
[White "Landa, Konstantin"]
[Black "Marin, Mihail"]
[Result "1-0"]
[WhiteElo "2615"]
[BlackElo "2528"]
[Annotator "Marin,M"]
[PlyCount "41"]
[EventDate "2017.06.03"]
[EventType "swiss"]
[EventRounds "9"]
[EventCountry "ITA"]
[SourceTitle "CBM 179"]
[Source "ChessBase"]
[SourceDate "2017.07.12"]
[SourceVersion "1"]
[SourceVersionDate "2017.07.12"]
[SourceQuality "1"]

1. e4 d6 2. d4 Nf6 3. Nc3 g6 4. Bg5 c6 ({I felt that Landa, an excellent
theoretician, might have prepared against} 4... Bg7 {, recommended on my Pirc
2 DVD. After the game he confirmed I was right. One way or another my opening
choice proved inspired untlill a certain moment.}) 5. Qd2 ({The main
alternative is} 5. f4) 5... Nbd7 ({The vast majority of games continue with} 
5... b5 {when 6.Bd3 Bg7 7.f4 transposes to 5.f4 but I failed to find an
antodite to:} 6. e5 $1 b4 ({The typical reaction.} 6... h6 {is interesting but
apparently not good enough:} 7. Bf4 Nh5 8. Be3 dxe5 9. dxe5 Qxd2+ 10. Bxd2 Nd7
11. g4 Ng7 12. Bg2) (6... dxe5 7. dxe5 Qxd2+ 8. Bxd2 Ng4 9. f4 h5 10. Nf3 $14 {
Ulybin,M (2475)-Movsziszian,K (2502) Pontevedra 2016 (1/2-1/2, 23)}) 7. exf6
bxc3 8. Qxc3 exf6 9. Bf4 $1 {Only this move, taking d6 under observation,
could cause Black problems.} Bg7 {Fuller,M (2380)-Pein,M (2200) London 1979 
(0-1, 50)} 10. O-O-O $1 $146 O-O 11. Qg3 (11. h4 {is premature since after} h5
12. Qg3 {Black has} Bg4 $1 {aiming to defend the b8-knight with gain of time
in order to play ...d6-d5. The only way of preventing that is} 13. f3 {but it
weakens the dark squares and cuts the queen off from the queenside.} Be6 14.
Bxd6 Nd7 {and Black will soon have dangerous threats against the enemy king.
Now and in similar situations it is dangerous to grab the exchange, since this
will turn Black's dark-squared bishop into a strong attacking piece after ...
Bxf8.}) 11... Be6 12. h4 $1 ({Now is a good moment for weakening Black's
kingside. If} 12. Bxd6 Bxa2 13. b3 a5) 12... h5 13. Bxd6 Bxa2 14. b3 a5 15. Bc4
{Black will soon face problems defending the g6-pawn properly.}) 6. f4 ({
The aggressive} 6. O-O-O {is best met with} Qa5 ({eliminating the virtual pin
along the d-file. If} 6... b5 $2 7. e5 $1 b4 8. exf6 bxc3 9. Qxc3 Nxf6 {
Tissir,M (2416)-Othman,A (2363) Dubai 2004 (0-1, 43)} 10. Re1 Bg7 11. Qxc6+ Bd7
12. Qxd6 $16) 7. f4 (7. Kb1 b5 8. Bd3 b4 9. Nce2 Bg7 10. Bh6 Bxh6 11. Qxh6 Ba6
12. Bxa6 Qxa6 13. f3 Qb5 14. h4 a5 15. g4 a4 16. h5 Rg8) 7... b5 8. e5 b4 9.
exf6 bxc3 10. Qxc3 Qxc3 11. bxc3 Nxf6 12. Bxf6 exf6 $11 {Kravchenko,
O-Tovstonog,D Kiev 2003 (1/2-1/2, 42)}) 6... d5 $5 $146 ({I found the main
line unsatisfactory for Black:} 6... b5 7. Bd3) 7. e5 ({Since in the lines
above the bishop looked odd on h4, it makes sense preparing the advance of the
e-pawn with} 7. Bxf6 Nxf6 8. e5 {But then I intended} Nh5 $1 ({Black plans ...
Ng7, ...h7-h5, ...e7-e6 and ...c6-c5 or if White castles long ...a7-a5-a4, ...
b7-b5-b4. In the absence of the dark-squared bishop White will face problems
keeping his stability.} 8... Ne4 9. Nxe4 dxe4 10. Qe3 {Black will have
problems activating his bishops and after} f5 11. exf6 exf6 12. Qxe4+ Kf7 13.
Bc4+ Kg7 {his compensation is less obvious than with a misplaced bishop on h4.}
) {Here is an illustrative line:} 9. g3 Ng7 10. O-O-O h5 11. h3 b5 {Black is
perfectly regrouped to slow down White's kingside attack and can carry out his
own unhindered.}) 7... Ne4 8. Nxe4 dxe4 9. Ne2 {A new move to me.} ({I had
mainly analysed} 9. Qe3 f6 10. Bh4 ({It appears that White cannot take the
pawn under favourable circumstances:} 10. exf6 $6 exf6 11. Qxe4+ Kf7 12. Bh4
Bb4+ 13. Kf2 Nb6 {followed by ...Re8 with a strong initiative.}) 10... Nb6 11.
exf6 ({Or if} 11. Qxe4 Bf5 12. Qe3 {, defending the d4-pawn and, indirectly,
the c2-pawn in view of the threat exf6.} Nd5 {followed by ...fxe5 and ...Bh6
with considerable advance in development, at least compensating for the
missing pawn.}) 11... exf6 12. Qxe4+ Kf7 13. O-O-O Bf5 {Black's better
coordination and free development, combined with the weaknesses induced by
f2-f4 and White's lack of harmony offer him pleasant compensation for the pawn.
}) 9... f6 10. Bh4 Bh6 11. Nc3 fxe5 12. dxe5 Rf8 $2 {This over-optimistic move,
leaving the king in the centre with queens on the board, came close to pay off.
} ({The best way to fight for counterplay based on the hanging white pawns and
exposed bishop's position was} 12... e3 $1 13. Qxe3 ({Or if} 13. Qd4 Qb6 14.
O-O-O Qxd4 15. Rxd4 Nf8 16. g3 Ne6 17. Rd3 g5 {with mutual chances.}) 13... Qb6
14. Qxb6 axb6 15. g3 (15. Bg3 Rf8 16. Ne2 {keeps the extra pawn but leaves
White awfully passive after} Nc5 $15) 15... Nxe5 16. fxe5 g5 17. Bxg5 Bxg5 {
Black's active bishops and the weakness of the e5-pawn offer him entirely
adequate compensation for the pawn.}) 13. g3 Qc7 {I played this after a very
long think, bringing me close to time trouble. But my opponent soon overtook
me in the "time race".} ({I could not find anything for Black after} 13... Qb6
14. O-O-O Nxe5 15. Bxe7 $1 $16) 14. Qe2 $2 ({Too ambitious. White wants to win
a pawn, neglecting in his turn the development.} 14. Nxe4 $1 Nxe5 15. Bg2 Bf5
16. O-O Nc4 17. Qe2 $16 {would have yielded a clear positional advantage.})
14... Nxe5 $1 15. fxe5 Rf3 $1 {Landa confessed to overlooking this simple move.
Suddenly, the white king is very insecure.} 16. Qc4 (16. Nd1 Qxe5 17. Bg2 Bg4 {
is just crushing.}) 16... Qb6 17. Nxe4 Bg4 $2 (17... Bf5 $1 $19 {would have
won. During the game Landa hoped to stay in the game with} 18. Qc5 (18. Be2
Bxe4 19. Qxe4 Qf2+ 20. Kd1 O-O-O+) (18. Nf6+ exf6 19. Qg8+ Kd7 20. Rd1+ Kc7 21.
Qxh7+ Kb8 22. Qg8+ Bc8 23. Rd8 Qf2+ 24. Kd1 Kc7 $19) 18... Re3+ $1 19. Kf2 Rxe4
$1 {He overlooked this elegant line, leaving the queen pinned.}) 18. Be2 Qe3
19. Rd1 (19. Qd3 $6 Rd8 20. Qxe3 Rxe3 21. Nc3 Rxe5 22. Rd1 g5 $15) (19. h3 $5
$16) 19... Bf5 $6 ({AFter the game we both concluded that} 19... Rd8 {would
have led to equality:} 20. Rxd8+ Kxd8 21. Qd3+ Ke8 {but here we missed} 22. h3
$1 $16 ({Our line went} 22. Qxe3 Rxe3 23. Nc3 Rxe5 24. Kf2 Bxe2 25. Nxe2 g5 $11
)) 20. Bg5 Bxg5 21. Qg8# {I was surprized to get mated, as in my lines the
queen delivered the check on h8, which was also winning.} 1-0

[Event "Sofia MTel Masters 3rd"]
[Site "Sofia"]
[Date "2007.05.15"]
[Round "6"]
[White "Kamsky, Gata"]
[Black "Mamedyarov, Shakhriyar"]
[Result "1-0"]
[WhiteElo "2705"]
[BlackElo "2757"]
[Annotator "Marin,M"]
[PlyCount "87"]
[EventDate "2007.05.10"]
[EventType "tourn"]
[EventRounds "10"]
[EventCountry "BUL"]
[EventCategory "19"]
[SourceTitle "CBM 118"]
[Source "ChessBase"]
[SourceDate "2007.05.31"]
[SourceVersion "1"]
[SourceVersionDate "2007.05.31"]
[SourceQuality "1"]

1. e4 d6 2. d4 Nf6 3. Nc3 g6 4. Nf3 Bg7 5. h3 O-O 6. Be3 c6 7. Qd2 $5 ({
The classical interpretation of the system chosen by White in this game is} 7.
a4 {and if} Nbd7 {then} 8. a5) 7... b5 8. Bd3 Nbd7 9. O-O {Apparently, White
has played the opening without any ambition. However, his solidly defended
centre could offer him the better chances in the long run if Black (who has
quite a wide choice of moves now) does not react accurately. In other words, a
variation that suits Kamsky's style rather well: not too much theory, but just
a complex middle game struggle.} Qc7 {This move is not bad, but it was not
necessary to define the queen's intentions so soon.} ({One of the main
strategic dangers for Black is that of not being able to maintain the
integrity of his structure on the queenside. For instance, he should not carry
out the otherwise thematic} 9... e5 {too soon because of} 10. dxe5 dxe5 11. a4
$1 b4 12. Ne2 {for instance} c5 (12... Qe7 {Naiditsch,A (2571)-Chatalbashev,B 
(2543)/Antalya 2004/CBM 101/[Mueller,Karsten] (1-0, 89)}) 13. c3 Bb7 $5 14.
cxb4 {Maybe White should not hurry with this exchange.} (14. Ng3 Qa5 15. Qc2 {
He can take advantage of the fact that the c-file is not open and use his
queen to sustain his queenside operations.} Rac8 16. Nd2 Qc7 17. a5 $1 $14 {
Belikov,V (2470)-Kochetkov,G (2465)/Moscow 1995/CBM 047 ext/[Belov] (1-0, 38)})
14... cxb4 15. Qxb4 (15. Ng3 Qa5 $5 {looks entirely playable for Black.}) 15...
Rb8 16. Qa3 Bxe4 17. Bxe4 Nxe4 18. Bxa7 Rb7 19. Be3 Qb8 20. Nc3 Rb3 21. Qe7 $14
{Akopian,V (2689)-Azmaiparashvili,Z (2666)/Bled 2002/EXT 2003 (1-0, 51). Black
has managed to activate his pieces and get rid of the pawn weaknesses, but the
a-pawn is very dangerous.}) ({To my taste,} 9... Bb7 {is the most flexible and
logical move.} {The most consistent continuation looks to be} 10. Ne2 ({
With the e-pawn still on its initial square,} 10. a4 b4 11. Ne2 {is less
dangerous for Black, who can get a comfortable Sicilian type of position with}
c5 12. Ng3 cxd4 13. Bxd4 a5 $11 14. Rfe1 e5 15. Be3 d5 $132 {Zinchenko,Y (2503)
-Boginin,O (2352)/Poltava 2006/CBM 116 (0-1, 98)}) (10. e5 {does not offer
White much either:} Ne8 11. Bh6 c5 $132 12. Be4 (12. Bxg7 Nxg7 13. exd6 Bxf3
14. gxf3 cxd4 15. Nxb5 e5 16. f4 Qh4 $132 {Goloshchapov,A (2519)-Kasimdzhanov,
R (2603)/Hoogeveen 1999/EXT 2000 (1/2-1/2, 36)}) 12... cxd4 13. Bxg7 Nxg7 14.
Bxb7 dxc3 15. Qxc3 Rb8 $11 {Efimenko,Z (2546)-Gagunashvili,M (2486)/Moscow
2002/CBM 088 (1/2-1/2, 22)}) 10... a6 ({In fact, Black could consider altering
the natural course of the game with} 10... c5 $5 {when White cannot
consolidate both his central pawns at the same time and has to have recourse
to tactical operations, for which Black seems to be well prepared.}) 11. Ng3 {
, as in our main game.} e5 12. c3 (12. dxe5 dxe5 13. a4 Qe7 14. c4 Rfd8 $5 {
Black should aim to maintain the tension for as long as possible.} (14... b4 $6
{allows White obtain a favourable queenside configuration after} 15. c5 a5 16.
Rac1 Rad8 17. Qe2 Kh8 18. Rfd1 Ng8 19. Nd2 Ndf6 20. Nc4 $16 {Al Modiahki,M 
(2570)-Marin,L (2224)/Barcelona 2005/CBM 108 ext (1-0, 37)}) 15. Rfd1 Nc5 16.
Qb4 Bf8 17. Qxc5 Qxc5 18. Bxc5 Bxc5 19. Nxe5 Bd4 20. Nf3 Bxb2 21. Rab1 Bc3 $132
) 12... c5 13. d5 (13. Rfe1 $5) 13... c4 14. Bc2 {This position has very much
in common with the Breyer variation of the Ruy Lopez.} Qc7 (14... Qe7) 15. Bh6
Kh8 $5 {Black clears the g8-square for his knight, in order to prevent White
from consolidating his advantage in space on the king side.} 16. Bxg7+ Kxg7 17.
Nh4 Ng8 18. f4 exf4 19. Qxf4 Ne5 20. Nf3 Rae8 21. Rae1 Bc8 22. Ne2 Bd7 23. Ned4
f6 {Black has a very comfortable position. His kingside is well defended,
while on the other wing he can soon start active operations with ...a5, ...b4,
etc, Fressinet,L (2644)-Marin,M/Ciudad Real blitz 2007 (0-1, 86). I would
mention that the position after the 12th move was reached via a slightly
different move order in this game.}) 10. Ne2 c5 11. c3 {Since there is no
pressure against e4 yet, White can consolidate his d4-pawn now.} e5 12. Ng3 c4
$2 {A grave strategical error. Black should not release the tension so easily,
leaving White with the upper hand in the centre.} (12... a6 {would have led to
the same type of position as in the aforementioned game Fressinet-Marin. It is
curious that Mamedyarov, who frequently plays the Breyer system, did not play
this way.} 13. a4 Bb7) 13. Bc2 Re8 $2 {Another strategic concession, probably
generated by the overestimation of the pressure against the e4-pawn.} (13...
Bb7 {was necessary, in order to meet} 14. a4 {with} a6 {, maintaining the
intergrity of the queenside structure.}) 14. a4 $1 bxa4 15. Bxa4 $1 {[%cal
Ya4e8] After this strong move, Black is paralyzed.} (15. Rxa4 {was not too bad
either, but would have allowed Black some counterplay after} exd4 16. cxd4 Bb7
17. d5 Nc5 {and now White should probably decide himself for the positional
exchange sacrifice} 18. Rxc4 Ba6 19. Rxc5 dxc5 20. Ra1 $14 {when his better
structure should offer him chances of retaining an advantage.}) 15... exd4 {
Another positional concession, but Black's position was difficult anyway.} 16.
Nxd4 {Black's position is in ruins now.} a6 {Not a nice move to make, but the
b5-square has to be defended somehow.} ({I assume that Mamedyarov noticed too
late that} 16... Nxe4 $2 {loses to} 17. Nxe4 Rxe4 18. Nb5 Qb8 (18... Qd8 19.
Qd5 {[%csl Ya8,Ye4]} Rxe3 $5 20. fxe3 $1 {[%cal Yf1f7]} Rb8 21. Qxf7+ $18) 19.
Nxd6 Re7 20. Bc6 $18 {[%csl Ya8]}) 17. Bh6 Bh8 18. Ndf5 $16 {White is better
developed, has the better structure, more space and attacing chances. Maybe I
should add "/+-" to the evaluation of the position, since Black has little
reason to hope that he can save the game.} Re6 19. Rfd1 Nc5 20. Nxd6 Bb7 21.
Nxb7 Qxb7 22. f3 Nd3 23. b3 Bg7 24. Bxg7 Kxg7 25. bxc4 Nb2 26. Rdb1 Qa7+ 27.
Kh1 Nxc4 28. Qg5 Rc8 29. Nf5+ Kh8 30. Nd4 Rb6 31. Rxb6 Qxb6 32. Bb3 Rc5 33. Qh6
Kg8 34. Re1 Rh5 35. Qf4 Rc5 36. e5 Nh5 37. Qh4 Nxe5 38. f4 Rxc3 39. fxe5 Rxb3
40. e6 fxe6 41. Nxb3 Qxb3 42. Qd8+ Kg7 43. Qe7+ Kh6 44. Qf8+ 1-0